| 000 | 01369cam a2200337 a 4500 | ||
|---|---|---|---|
| 001 | 16135501 | ||
| 005 | 20170105102354.0 | ||
| 008 | 100315s2010 caua 001 0 eng | ||
| 010 | _a 2010011157 | ||
| 015 |
_aGBB0A8647 _2bnb |
||
| 016 | 7 |
_a015645261 _2Uk |
|
| 020 | _a9781593272111 | ||
| 020 | _a1593272111 | ||
| 035 | _a(OCoLC)ocn422759222 | ||
| 040 |
_aDLC _cDLC _dBTCTA _dC#P _dYDXCP _dCDX _dBWX _dVP@ _dUKM _dDLC |
||
| 050 | 0 | 0 |
_aTJ211.15 _b.V353 2010 |
| 082 | 0 | 0 |
_a629.892 _222 |
| 100 | 1 | _aValk, Laurens. | |
| 245 | 1 | 4 |
_aThe LEGO Mindstorms NXT 2.0 discovery book : a beginner's guide to building and programming robots _ba beginner's guide to building and programming robots _cLaurens Valk. |
| 260 |
_aSan Francisco : _bNo Starch Press, _cc2010. |
||
| 300 |
_axx, 297 p. : _bill. ; _c26 cm. |
||
| 504 | _aIncludes index. | ||
| 650 | 0 |
_aRobots _xDesign and construction _vPopular works. |
|
| 650 | 0 |
_aRobots _xProgramming _vPopular works. |
|
| 650 | 0 | _aLEGO toys. | |
| 856 | 4 | 2 |
_3Contributor biographical information _uhttp://catdir.loc.gov/catdir/enhancements/fy1008/2010011157-b.html |
| 856 | 4 | 2 |
_3Publisher description _uhttp://catdir.loc.gov/catdir/enhancements/fy1008/2010011157-d.html |
| 906 |
_a7 _bcbc _corignew _d1 _eecip _f20 _gy-gencatlg |
||
| 942 |
_2ddc _cBK |
||
| 999 |
_c12087 _d12087 |
||